ՀՀ Գիտությունների ազգային ակադեմիայի հիմնարար գիտական գրադարան  =   Fundamental Scientific Library of NAS RA

Elisabetta Mokhtarians = (Record no. 527746)

MARC details
000 -LEADER
fixed length control field 00635nam a2200205 a 4500
001 - CONTROL NUMBER
control field 1899933
003 - CONTROL NUMBER IDENTIFIER
control field AM-YEHGA
005 - DATE AND TIME OF LATEST TRANSACTION
control field 20250617164656.0
008 - FIXED-LENGTH DATA ELEMENTS--GENERAL INFORMATION
fixed length control field 230427n it ca||gr|||||||||0|eng|d
040 ## - CATALOGING SOURCE
Original cataloging agency AM-YeHGA
041 0# - LANGUAGE CODE
Language code of text/sound track or separate title eng
-- arm
-- rus
090 ## - LOCALLY ASSIGNED LC-TYPE CALL NUMBER (OCLC); LOCAL CALL NUMBER (RLIN)
-- 565864
245 00 - TITLE STATEMENT
Title Elisabetta Mokhtarians =
Remainder of title Էլիզաբեթ Մխիթարյան = Էլիզաբէթ Մխիթարեան = Элизабетта Мохтарянс.
260 ## - PUBLICATION, DISTRIBUTION, ETC.
Place of publication, distribution, etc. [Վենետիկ] :
Name of publisher, distributor, etc. S. n.,
Date of publication, distribution, etc. S. a.
300 ## - PHYSICAL DESCRIPTION
Extent 66 p. :
Other physical details ill.
600 14 - SUBJECT ADDED ENTRY--PERSONAL NAME
Personal name Mokhtarians, Elisabetta
650 14 - SUBJECT ADDED ENTRY--TOPICAL TERM
Topical term or geographic name entry element Painting
Geographic subdivision Italy
650 14 - SUBJECT ADDED ENTRY--TOPICAL TERM
Topical term or geographic name entry element Armenian Colonies
Geographic subdivision Italy
942 ## - ADDED ENTRY ELEMENTS (KOHA)
Source of classification or shelving scheme Universal Decimal Classification
Koha item type Գրքեր / Books
Holdings
Withdrawn status Lost status Source of classification or shelving scheme Damaged status Not for loan Collection Home library Current library Date acquired Total checkouts Full call number Barcode Date last seen Price effective from Koha item type Public note
    Universal Decimal Classification     Levon Zekiyan Individual Collection Fundamental Scientific Library Fundamental Scientific Library 27/04/2023   Zek/1791 FL0672011 27/04/2023 27/04/2023 Գրքեր / Books ILL Non-Circ.


ՀՀ ԳԱԱ հիմնարար գիտական գրադարան
ՀՀ,Երևան 0019
Մարշալ Բաղրամյան 24/6
հեռախոս:(374-10) 52-47-50
Հետադարձ կապ

All site content, except where otherwise noted, is licensed under a
Creative Commons License